00981nam a2200181Ia 4500008004100000082001500041100001800056245002800074260003100102300001200133650001800145942001200163999001500175952014900190952016100339952015000500952014900650191201s2019 xx 000 0 und d a615.14 ALO aALI, Mohammed 0aObjective Type Pharmacy bBirla PubaNew Delhic2019 a1076+32 aMiscellaneous 2ddccBK c8259d8259 00102ddc40708DPaPIETbPIETd2019-03-26eKirti Prakashang850.00kIN 3105l0o615.14 ALOpDP247r2019-12-04 00:00:00v569.50w2019-03-12yBK 00102ddc40708DPaPIETbPIETd2019-03-26eKirti Prakashang850.00kIN 3105l1o615.14 ALOpDP248r2022-06-10 00:00:00s2021-02-02v569.50w2019-03-12yBK 00102ddc40708DPaPIETbPIETd2019-03-26eKirti Prakashang850.00kIN 3105l0o615.14 ALOpDP249r2019-12-04 00:00:00v569.50w2019-03-12yREF 00102ddc40708DPaPIETbPIETd2019-03-26eKirti Prakashang850.00kIN 3105l0o615.14 ALOpDP250r2019-12-04 00:00:00v569.50w2019-03-12yBK